[Event "26th Abu Dhabi Masters"]
[Site "Abu Dhabi UAE"]
[Date "2019.08.10"]
[Round "9.49"]
[White "Kushagra, Mohan"]
[Black "Zhang, Xiaowen"]
[Result "1/2-1/2"]
[WhiteElo "2252"]
[BlackElo "2316"]
[EventDate "2019.08.02"]

1. e4 e6 2. d4 d5 3. Nd2 c5 4. exd5 Qxd5 5. Ngf3 cxd4 6. Bc4 Qd6 7. O-O Nf6
8. Nb3 Nc6 9. Nbxd4 Nxd4 10. Nxd4 Be7 11. c3 O-O 12. Qf3 Qc7 13. Bb3 Bd7
14. Re1 Rfe8 15. Bf4 Qb6 16. Be5 a5 17. a4 Bc6 18. Nxc6 bxc6 19. Bc4 Rad8
20. b3 Nd7 21. Bf4 Nf6 22. Be5 Nd7 23. Bf4 Nf6 24. Be5 1/2-1/2

[Event "26th Abu Dhabi Masters"]
[Site "Abu Dhabi UAE"]
[Date "2019.08.10"]
[Round "9.50"]
[White "Pranav, V"]
[Black "Paramzina, Anastasya"]
[Result "0-1"]
[WhiteElo "2316"]
[BlackElo "2245"]
[EventDate "2019.08.02"]

1. e4 c5 2. Nf3 d6 3. Bb5+ Bd7 4. Bxd7+ Qxd7 5. O-O Nc6 6. c3 Nf6 7. d4
Nxe4 8. d5 Ne5 9. Nxe5 dxe5 10. Re1 Nf6 11. c4 O-O-O 12. Nc3 e6 13. Bg5 Bd6
14. Qf3 h6 15. Bh4 exd5 16. Bxf6 e4 17. Qe3 gxf6 18. Nxd5 f5 19. Rad1 Qe6
20. f4 Kb8 21. a3 Rc8 22. Qf2 Be7 23. Kh1 h5 24. Qe2 Bh4 25. Rf1 Bf6 26. b4
Bd4 27. bxc5 Bxc5 28. a4 h4 29. h3 Rhg8 30. Rb1 Rg3 31. Qb2 Qc6 32. Qe5+
Ka8 33. Rb2 Qd6 34. Rfb1 Qxe5 35. fxe5 b6 36. a5 Kb7 37. Rf1 Rg5 38. axb6
axb6 39. Rfb1 Rg6 40. Rf1 Ra8 41. Nf4 Rgg8 42. Ne2 Rgd8 43. Nf4 Re8 44. Rd2
Kc6 45. Rd5 Ra4 46. Rc1 Rea8 47. Rdd1 Be3 48. Rd6+ Kb7 49. Rd7+ Kc8 50.
Rcd1 Bxf4 51. c5 bxc5 52. Rxf7 Ra1 53. Rxa1 Rxa1# 0-1

[Event "26th Abu Dhabi Masters"]
[Site "Abu Dhabi UAE"]
[Date "2019.08.10"]
[Round "9.51"]
[White "Mithil, Ajgaonkar"]
[Black "Tabada, Jobannie C."]
[Result "0-1"]
[WhiteElo "2314"]
[BlackElo "2216"]
[EventDate "2019.08.02"]

1. d4 Nf6 2. Nf3 g6 3. c4 Bg7 4. g3 O-O 5. Bg2 d6 6. O-O Nc6 7. Nc3 a6 8.
d5 Na5 9. Nd2 c5 10. Qc2 b5 11. cxb5 axb5 12. Nxb5 Ba6 13. Nc3 Nd7 14. Re1
Qb6 15. Rb1 Rfb8 16. b3 Qc7 17. Bb2 Ne5 18. Nd1 Qa7 19. Kh1 Bb5 20. f4 Ng4
21. Bxg7 Kxg7 22. Qc3+ Kg8 23. h3 Nf6 24. e4 Qa6 25. Nf2 Nb7 26. a4 Be8 27.
e5 Nh5 28. Nde4 Qa5 29. Qe3 c4 30. bxc4 Qxa4 31. g4 Ng7 32. exd6 Nxd6 33.
Rxb8 Rxb8 34. Nxd6 exd6 35. Ne4 Qb4 36. Rf1 f5 37. Nf6+ Kh8 38. Qe7 Ba4 39.
gxf5 Bc2 40. fxg6 hxg6 41. Nd7 Ra8 42. Qh4+ Kg8 43. Nf6+ Kf7 44. Ng4 Qc3
45. Nh6+ Kf8 46. Qg5 Nh5 47. Kh2 Bd3 48. Rf3 Qd4 49. Ng4 Bf5 50. Ne3 Be4
51. Qh6+ Kg8 52. f5 Bxf3 53. Qxg6+ Ng7 54. Ng4 Qf4+ 55. Kg1 Ra1+ 56. Bf1
Qg3# 0-1

[Event "26th Abu Dhabi Masters"]
[Site "Abu Dhabi UAE"]
[Date "2019.08.10"]
[Round "9.52"]
[White "Srijit, Paul"]
[Black "Eynullayev, Altay"]
[Result "1-0"]
[WhiteElo "2304"]
[BlackElo "2204"]
[EventDate "2019.08.02"]

1. e4 c5 2. Nf3 d6 3. d4 cxd4 4. Nxd4 Nf6 5. Nc3 a6 6. Be2 e5 7. Nb3 Be7 8.
O-O O-O 9. Kh1 Nc6 10. f4 b5 11. f5 h6 12. Be3 Bb7 13. Bf3 Na5 14. Nxa5
Qxa5 15. a3 Rac8 16. Qd2 Qc7 17. Rae1 Rfe8 18. Bf2 Qc4 19. Bh4 b4 20. axb4
Qxb4 21. Rb1 d5 22. Bxf6 Bxf6 23. exd5 e4 24. Be2 Rcd8 25. Rfd1 e3 26. Qd3
Qh4 27. Qc4 Qg5 28. Ne4 Qxf5 29. Nxf6+ Qxf6 30. Qc5 Rc8 31. Qb4 Rxc2 32.
Bf3 Ba8 33. Qa4 Rec8 34. Qe4 Qb6 35. b4 R2c3 36. h3 R3c4 37. Qe7 Rd8 38.
Rd3 Qf6 39. Qxe3 Qd6 40. Qd2 Rb8 41. Rd4 Rxd4 42. Qxd4 Rb5 43. Re1 Rb8 44.
Qc5 Qf6 45. Qc7 Qd8 46. Qf4 Rb5 47. Qe5 Rb8 48. Re4 Rc8 49. Rd4 Kh8 50. Kh2
Qe8 51. Qf5 Rd8 52. Bh5 Rd7 53. d6 Qe6 54. Qxe6 fxe6 55. Bg4 Bc6 56. Bxe6
Rd8 57. d7 Bb5 58. Rd2 Ba4 59. Ra2 Bb5 60. Rc2 Bxd7 61. Rd2 Bxe6 62. Rxd8+
Kh7 63. Kg3 Bc4 64. Rd6 Kg8 65. Kf4 Kf7 66. h4 Ke7 67. Rb6 Kf7 68. g3 Ke7
69. Ke5 Kf7 70. Kd6 Kf6 71. Kc5+ 1-0

[Event "26th Abu Dhabi Masters"]
[Site "Abu Dhabi UAE"]
[Date "2019.08.10"]
[Round "9.53"]
[White "Vatsal, Singhania"]
[Black "Gajwa, Ankit"]
[Result "0-1"]
[WhiteElo "2087"]
[BlackElo "2302"]
[EventDate "2019.08.02"]

1. e4 c5 2. Nf3 d6 3. d4 cxd4 4. Nxd4 Nf6 5. Nc3 Nc6 6. Be2 e5 7. Nf3 h6 8.
O-O Be7 9. h3 Be6 10. Re1 Rc8 11. Bf1 Nb8 12. a4 O-O 13. a5 a6 14. Nd5 Nxd5
15. exd5 Bf5 16. c4 Nd7 17. b4 Bg6 18. Bb2 e4 19. Nd2 Nf6 20. Ra3 Re8 21.
Rae3 b6 22. axb6 Qxb6 23. Qa4 Rb8 24. Bc3 Rec8 25. Ra1 Nxd5 26. cxd5 Bg5
27. Rae1 Rxc3 28. Rxc3 Bxd2 29. Rc6 Qd4 30. Re2 e3 31. fxe3 Bxe3+ 32. Kh1
Qf4 33. Qa1 Rxb4 34. Re1 Qf2 35. Rxe3 Qxe3 36. Qc3 Qxc3 37. Rxc3 a5 38. Kh2
Rd4 39. Rg3 Kf8 40. Rb3 Rxd5 41. Rb8+ Ke7 42. Rb7+ Kf6 43. Ra7 Rc5 44. Ra6
Ke5 45. Be2 d5 46. Ra7 Kd4 47. Bf3 Kc3 0-1

[Event "26th Abu Dhabi Masters"]
[Site "Abu Dhabi UAE"]
[Date "2019.08.10"]
[Round "9.54"]
[White "Pranesh, M"]
[Black "Srihari, L"]
[Result "1-0"]
[WhiteElo "2296"]
[BlackElo "2101"]
[EventDate "2019.08.02"]

1. e4 c5 2. Nf3 d6 3. d4 cxd4 4. Nxd4 Nf6 5. Nc3 a6 6. h3 e6 7. g4 Be7 8.
Bg2 Nfd7 9. O-O Nc6 10. Nce2 Nxd4 11. Nxd4 Qc7 12. f4 O-O 13. Be3 b5 14.
Qe2 Bb7 15. Rae1 Nf6 16. Bf2 d5 17. exd5 Nxd5 18. Nxe6 fxe6 19. Qxe6+ Kh8
20. Bxd5 Bxd5 21. Qxd5 Bf6 22. c3 Qxf4 23. Bc5 Qg3+ 24. Qg2 Qxg2+ 25. Kxg2
Rfd8 26. Rd1 h6 27. Bd4 Bxd4 28. cxd4 Rd5 29. Rf5 Rd6 30. Re5 Rc8 31. Rd2
Rc4 32. d5 Kg8 33. Kf3 Kf7 34. b3 Rc3+ 35. Re3 Rc5 36. Ke4 Rc8 37. Rf3+ Kg6
38. Rf5 a5 39. Re5 a4 40. Rf2 axb3 41. axb3 Rd7 42. Re6+ Kh7 43. Rc6 Re8+
44. Kd4 Re1 45. Rd2 Kg8 46. d6 Kf7 47. Kd5 Re3 48. b4 Rxh3 49. Rc7 Ke8 50.
Rc8+ Kf7 51. Kc6 1-0

[Event "26th Abu Dhabi Masters"]
[Site "Abu Dhabi UAE"]
[Date "2019.08.10"]
[Round "9.56"]
[White "Adnan, Habib"]
[Black "Soumya, Swaminathan"]
[Result "1/2-1/2"]
[WhiteElo "2197"]
[BlackElo "2377"]
[EventDate "2019.08.02"]

1. d4 d5 2. c4 c6 3. Nf3 Nf6 4. e3 Bg4 5. Bd3 e6 6. O-O Nbd7 7. cxd5 exd5
8. Nc3 Be7 9. Rb1 a5 10. a3 O-O 11. h3 Bh5 12. Qc2 Bxf3 13. gxf3 c5 14.
dxc5 Nxc5 15. Rd1 Nxd3 16. Qxd3 Qc8 17. Kg2 Ra6 18. b3 Rd8 19. Ne2 Nh5 20.
Ng3 Rg6 21. Kh2 Bd6 22. f4 Nxg3 23. fxg3 Rh6 24. h4 Be7 25. Rd2 Bxh4 26.
gxh4 Rxh4+ 27. Kg1 Qh3 28. Rg2 Rxf4 29. Qe2 Rh4 30. Rh2 Qg3+ 31. Rg2 Qh3
32. Rh2 1/2-1/2

[Event "26th Abu Dhabi Masters"]
[Site "Abu Dhabi UAE"]
[Date "2019.08.10"]
[Round "9.57"]
[White "Al Hosani, Omran"]
[Black "Manush, Shah"]
[Result "1/2-1/2"]
[WhiteElo "2176"]
[BlackElo "2373"]
[EventDate "2019.08.02"]

1. d4 d5 2. c4 c6 3. cxd5 Qxd5 4. Nc3 Qa5 5. e4 g6 6. Nf3 Bg7 7. Be2 Nf6 8.
O-O O-O 9. Bf4 Nbd7 10. Rc1 Nxe4 11. Nxe4 Qf5 12. Bg5 Qxe4 13. Bd3 Qd5 14.
Bxe7 Re8 15. Bc4 Qf5 16. Re1 Nb6 17. Bb3 Nd5 18. Bd6 Rxe1+ 19. Qxe1 Be6 20.
Qd2 Rd8 21. Be5 Bxe5 22. dxe5 Rd7 23. Qg5 Nf4 24. Bxe6 fxe6 25. Qxf5 gxf5
26. Kf1 Nd3 27. Rc2 Rd5 28. Rd2 h6 29. g3 c5 30. b3 b5 31. a4 a6 32. axb5
axb5 33. Rd1 Kf7 34. Ke2 c4 35. bxc4 bxc4 36. Rd2 Ra5 37. Ke3 Nxe5 38.
Nxe5+ Rxe5+ 39. Kd4 Re4+ 40. Kc3 Kf6 41. Rd4 Re2 42. Rh4 Kg6 43. f4 Re4 44.
Kb4 h5 45. Kc3 Kh6 46. Kb4 Kg6 47. Kc3 Kh6 48. Kb4 Rd4 49. Kc3 Rd8 50. Kxc4
Kg6 51. Kc3 Rd7 52. Kc4 Rd2 53. Kc3 Rd5 54. Kc4 1/2-1/2

[Event "26th Abu Dhabi Masters"]
[Site "Abu Dhabi UAE"]
[Date "2019.08.10"]
[Round "9.58"]
[White "Kulkarni, Rakesh"]
[Black "Pujari, Rucha"]
[Result "1-0"]
[WhiteElo "2360"]
[BlackElo "2232"]
[EventDate "2019.08.02"]

1. Nf3 d5 2. g3 Nf6 3. Bg2 e6 4. O-O Be7 5. d3 c5 6. Nbd2 Nc6 7. e4 O-O 8.
Re1 Qc7 9. Nf1 dxe4 10. dxe4 Rd8 11. Qe2 e5 12. c3 h6 13. Nh4 Be6 14. Ne3
Rd7 15. Nef5 Rad8 16. Be3 a6 17. Qf3 Ne8 18. Kh1 Kh7 19. Bh3 Bf8 20. g4 g6
21. Rg1 f6 22. g5 fxg5 23. Nxg6 Nf6 24. Nxh6 Bxh6 25. Bxe6 Kxg6 26. Qf5+
Kg7 27. Bxg5 Rf7 28. Bxf6+ Kf8 29. Qh7 Bg7 30. Rxg7 Rxg7 31. Qh8+ 1-0

[Event "26th Abu Dhabi Masters"]
[Site "Abu Dhabi UAE"]
[Date "2019.08.10"]
[Round "9.59"]
[White "Tashkhodzhaev, Akram"]
[Black "Gomes, Mary Ann"]
[Result "0-1"]
[WhiteElo "2123"]
[BlackElo "2286"]
[EventDate "2019.08.02"]

1. e4 c5 2. Nf3 d6 3. d4 cxd4 4. Nxd4 Nf6 5. f3 a6 6. c4 e5 7. Nc2 Be6 8.
Be3 Be7 9. Be2 Nbd7 10. O-O Rc8 11. Nca3 h5 12. Qd2 h4 13. Nc3 Nh5 14. Rfd1
Nf4 15. Bf1 g5 16. h3 Nf6 17. Rac1 N6h5 18. Rc2 Ng3 19. b3 f5 20. Nab1 fxe4
21. Nxe4 Nxe4 22. fxe4 g4 23. Bxf4 exf4 24. Qxf4 gxh3 25. gxh3 Rc5 26. Nc3
Rg5+ 27. Kh1 Rf8 28. Qe3 Rg3 29. Qh6 Bxh3 30. Bxh3 Rxh3+ 31. Kg1 Rg8+ 32.
Rg2 Qb6+ 0-1

[Event "26th Abu Dhabi Masters"]
[Site "Abu Dhabi UAE"]
[Date "2019.08.10"]
[Round "9.61"]
[White "Soham, Kamotra"]
[Black "Aakanksha, Hagawane"]
[Result "1/2-1/2"]
[WhiteElo "2061"]
[BlackElo "2244"]
[EventDate "2019.08.02"]

1. c4 c5 2. Nf3 Nc6 3. g3 g6 4. Bg2 Bg7 5. O-O d6 6. Nc3 Nf6 7. d4 cxd4 8.
Nxd4 Bd7 9. Nc2 O-O 10. b3 Qa5 11. Bd2 Qh5 12. e3 Qxd1 13. Rfxd1 Rac8 14.
Rac1 a6 15. Na4 Bg4 16. f3 Be6 17. Nb6 Rc7 18. e4 Nd7 19. Be3 Nxb6 20. Bxb6
Rcc8 21. Ne3 Ne5 22. f4 Nd7 23. Ba5 b6 24. Be1 Bh6 25. Bf2 a5 26. Rc2 Rc7
27. Re2 Nc5 28. Bf3 1/2-1/2

[Event "26th Abu Dhabi Masters"]
[Site "Abu Dhabi UAE"]
[Date "2019.08.10"]
[Round "9.62"]
[White "Sankalp, Gupta"]
[Black "Chitlange, Sakshi"]
[Result "1-0"]
[WhiteElo "2416"]
[BlackElo "2147"]
[EventDate "2019.08.02"]

1. e4 c6 2. Nc3 d5 3. Nf3 dxe4 4. Nxe4 Nf6 5. Qe2 Nxe4 6. Qxe4 Qd5 7. Qh4
Qe6+ 8. Be2 Qg6 9. O-O Qxc2 10. Bc4 Qf5 11. d4 e6 12. Qg3 Nd7 13. Ne5 Nxe5
14. dxe5 Qg6 15. Qc3 Be7 16. Bd3 f5 17. Be3 O-O 18. Rad1 Qg4 19. f4 Rd8 20.
Rd2 Bd7 21. Bc4 Qg6 22. Rfd1 Be8 23. Qb3 b6 24. Bxe6+ Kf8 25. Bd7 Bf7 26.
Qc2 Be6 27. Qxc6 Bxd7 28. Qxg6 hxg6 29. Rxd7 Rac8 30. Kf1 Ke8 31. Rxd8+
Bxd8 32. Rd6 Rc2 33. Bd4 Rd2 34. g3 Be7 35. Ke1 Rc2 36. Kd1 Rc7 37. Rd5 Kf7
38. Be3 Ke6 39. Rd3 Rc4 40. Ke2 Bb4 41. Bd2 Be7 42. Rb3 Bc5 43. Rc3 Re4+
44. Kf3 g5 45. fxg5 Kxe5 46. Be3 Bd6 47. Bf4+ Ke6 48. Rc6 1-0

[Event "26th Abu Dhabi Masters"]
[Site "Abu Dhabi UAE"]
[Date "2019.08.10"]
[Round "9.63"]
[White "Bartel, Marta"]
[Black "Panda, Sambit"]
[Result "0-1"]
[WhiteElo "2244"]
[BlackElo "2126"]
[EventDate "2019.08.02"]

1. g3 Nc6 2. Bg2 e5 3. c4 g6 4. Nc3 Bg7 5. e3 Nge7 6. d3 d6 7. Rb1 Be6 8.
Nd5 O-O 9. Ne2 Qd7 10. O-O Nd8 11. b4 c6 12. Nxe7+ Qxe7 13. a4 d5 14. cxd5
Bxd5 15. e4 Ba2 16. Rb2 Be6 17. Be3 Qd7 18. Rd2 Bh3 19. Bxh3 Qxh3 20. d4
exd4 21. Nf4 Qc8 22. Bxd4 Bxd4 23. Rxd4 Ne6 24. Nxe6 Qxe6 25. Qd3 a5 26. b5
cxb5 27. Qxb5 b6 28. Qd3 Rac8 29. Rb1 Rfe8 30. Kg2 h5 31. h4 Rc5 32. Rb5
Rxb5 33. Qxb5 Rc8 34. Qd3 Qc6 35. Rd6 Qxa4 36. Qd5 Kg7 37. Rd7 Rf8 38. e5
Qa1 39. Rb7 Qb1 40. e6 Qf5 41. Qd4+ Qf6 42. Qd7 Rd8 43. Qxf7+ Qxf7 44.
Rxf7+ Kg8 45. Rb7 Ra8 46. Rxb6 0-1

[Event "26th Abu Dhabi Masters"]
[Site "Abu Dhabi UAE"]
[Date "2019.08.10"]
[Round "9.64"]
[White "Ayyad, Husain"]
[Black "Ammar, Sedrani"]
[Result "1/2-1/2"]
[WhiteElo "2231"]
[BlackElo "2024"]
[EventDate "2019.08.02"]

1. e4 c6 2. d4 d5 3. exd5 cxd5 4. Nf3 Nc6 5. Be2 Nf6 6. O-O Bf5 7. Be3 e6
8. a3 Bd6 9. Nbd2 h6 10. c4 dxc4 11. Nxc4 O-O 12. Rc1 Nd5 13. Qd2 Bc7 14.
b4 a6 15. Nce5 Nxe5 16. Nxe5 Be4 17. Rfd1 Qe7 18. Bf4 f6 19. Nd3 Bxd3 20.
Rxc7 Nxc7 21. Bxd3 Nd5 22. Bg3 a5 23. Rb1 axb4 24. axb4 Rfc8 25. h3 Ra3 26.
Bg6 f5 27. Re1 Qf6 28. Bh5 f4 29. Bg4 Re8 30. Bh2 Rb3 31. Bf3 Rxb4 32. Rd1
Rc4 33. Bxd5 exd5 34. Bxf4 Rf8 35. Be5 Qf5 36. Bg3 b5 37. Re1 b4 38. Re5
Qb1+ 39. Re1 Qc2 40. Qe3 Qe4 41. Qd2 Qxd4 42. Qe2 Qe4 43. Qd2 Qd4 44. Qe2
Qf6 45. Qd3 Rd4 46. Qb5 Kh8 47. Re2 Re4 48. Rxe4 dxe4 49. Qxb4 Re8 50. Qb5
Re7 51. Qb8+ Kh7 52. Bf4 Re6 53. Qb3 Qf5 54. Bg3 Rg6 55. Kh2 h5 56. Qe3 Qd5
57. Qe2 Kg8 58. h4 Rg4 59. Qe3 Kh7 60. Kh3 Rg6 61. Kh2 Ra6 62. Qf4 Ra3 63.
Qc1 Ra2 64. Qf4 Re2 65. Qc1 Qf5 66. Qd1 Qg4 67. Qd5 Qg6 68. Qe5 Rc2 69. Qd5
Rc3 70. Qe5 Rd3 71. Qc5 Qg4 72. Qe5 e3 73. fxe3 1/2-1/2

[Event "26th Abu Dhabi Masters"]
[Site "Abu Dhabi UAE"]
[Date "2019.08.10"]
[Round "9.65"]
[White "Utsab, Chatterjee"]
[Black "Ajay, Karthikeyan"]
[Result "1/2-1/2"]
[WhiteElo "2163"]
[BlackElo "2213"]
[EventDate "2019.08.02"]

1. e4 c5 2. Nf3 d6 3. d4 cxd4 4. Nxd4 Nf6 5. Nc3 a6 6. Be2 e5 7. Nb3 Be7 8.
O-O O-O 9. Kh1 b6 10. Be3 Bb7 11. f3 b5 12. a4 b4 13. Nd5 Nxd5 14. exd5 Nd7
15. c3 bxc3 16. bxc3 Bg5 17. Bf2 Qc7 18. c4 a5 19. Nd2 f5 20. Nb1 Nc5
1/2-1/2

[Event "26th Abu Dhabi Masters"]
[Site "Abu Dhabi UAE"]
[Date "2019.08.10"]
[Round "9.66"]
[White "Mohamed, Faisal"]
[Black "Asaka, Samuel"]
[Result "0-1"]
[WhiteElo "2150"]
[BlackElo "2201"]
[EventDate "2019.08.02"]

1. Nf3 d5 2. e3 Nf6 3. c4 e6 4. b3 b6 5. Bb2 Bb7 6. cxd5 exd5 7. Bb5+ c6 8.
Be2 Bd6 9. O-O O-O 10. Na3 Nbd7 11. Nc2 Re8 12. Rc1 c5 13. d4 Qe7 14. Nce1
Rac8 15. Bb5 Red8 16. Nd3 a6 17. Bxd7 Rxd7 18. Nde5 Rdc7 19. Nh4 g6 20. f4
c4 21. bxc4 dxc4 22. Bc3 Nd5 23. Qe1 Nxc3 24. Rxc3 Bb4 25. Nhf3 b5 26. f5
Bxc3 27. Qxc3 b4 28. Qe1 c3 29. Nd3 Be4 30. f6 Qxf6 31. Nc5 Rxc5 0-1

[Event "26th Abu Dhabi Masters"]
[Site "Abu Dhabi UAE"]
[Date "2019.08.10"]
[Round "9.67"]
[White "Priyanka, K"]
[Black "Salonika, Saina"]
[Result "1-0"]
[WhiteElo "2201"]
[BlackElo "2068"]
[EventDate "2019.08.02"]

1. e4 c5 2. Nf3 d6 3. d4 cxd4 4. Nxd4 Nf6 5. Nc3 a6 6. Be2 e5 7. Nf3 h6 8.
Nd2 Be7 9. Nc4 b5 10. Ne3 Be6 11. a4 b4 12. Ncd5 Nc6 13. Nxf6+ Bxf6 14. Bc4
O-O 15. O-O Bg5 16. Qd3 Nd4 17. Nd5 Bxd5 18. exd5 Bxc1 19. Raxc1 Qc8 20. f4
Nf5 21. fxe5 Qc5+ 22. Kh1 Ne3 23. Rf4 dxe5 24. Re4 Nxc4 25. Rxc4 Qd6 26.
Rc6 Qd7 27. Re1 Rfd8 28. Rxe5 b3 29. h3 bxc2 30. Qxc2 Rac8 31. b4 Qb7 32.
Re4 Rb8 33. Qc5 Rd7 34. d6 Rbd8 35. Rd4 Qa7 36. Rc7 Qa8 37. Rxd7 Rxd7 38.
Qd5 Qxd5 39. Rxd5 f6 40. Kg1 Kf7 41. Kf2 Ke6 42. Rd4 f5 43. Ke3 g5 44. b5
axb5 45. axb5 h5 46. h4 Ke5 47. hxg5 f4+ 48. Kd3 h4 49. b6 f3 50. gxf3 h3
51. b7 Rd8 52. Ke3 h2 53. Rh4 Kd5 1-0

[Event "26th Abu Dhabi Masters"]
[Site "Abu Dhabi UAE"]
[Date "2019.08.10"]
[Round "9.68"]
[White "Ashraf, Artin"]
[Black "Soham, Datar"]
[Result "1-0"]
[WhiteElo "2123"]
[BlackElo "2192"]
[EventDate "2019.08.02"]

1. d4 Nf6 2. c4 c5 3. d5 e5 4. Nc3 d6 5. e4 g6 6. f3 Bg7 7. Be3 a6 8. a4
Nh5 9. Nge2 f5 10. Qd2 O-O 11. a5 Nd7 12. Nc1 Ndf6 13. Bd3 Nf4 14. O-O N4h5
15. N1e2 f4 16. Bf2 g5 17. h3 Rf7 18. b4 cxb4 19. Na4 Bf8 20. Qxb4 Rg7 21.
Bb6 Qe8 22. c5 g4 23. hxg4 Bxg4 24. Kf2 Bd7 25. cxd6 Qg6 26. Rg1 Ng3 27.
Nxg3 fxg3+ 28. Ke1 Kh8 29. Kd2 Rf7 30. Bc5 Bxa4 31. Rxa4 Rc8 32. Be3 Bh6
33. Qb2 Bxe3+ 34. Kxe3 Ng4+ 35. Ke2 Qxd6 36. Qb6 Qd7 37. Rc4 Rxc4 38. Bxc4
Qa4 39. Rc1 Qa3 40. Rc2 Nh2 41. Qe6 Nxf3 42. Qxf7 Nd4+ 43. Kd1 Qa1+ 44. Rc1
Qa4+ 45. Ke1 Qb4+ 46. Kf1 Qa3 47. Qf6+ 1-0

[Event "26th Abu Dhabi Masters"]
[Site "Abu Dhabi UAE"]
[Date "2019.08.10"]
[Round "9.69"]
[White "Panesar, Vedant"]
[Black "Krzywda, Andrzej"]
[Result "1-0"]
[WhiteElo "2102"]
[BlackElo "2190"]
[EventDate "2019.08.02"]

1. d4 Nf6 2. Nf3 e6 3. c4 b6 4. a3 Bb7 5. Nc3 d5 6. cxd5 Nxd5 7. Qc2 Be7 8.
e4 Nxc3 9. bxc3 O-O 10. Bd3 c5 11. O-O Nc6 12. Bb2 cxd4 13. cxd4 Rc8 14.
Qe2 Qd6 15. Rad1 Na5 16. Rfe1 Rfd8 17. d5 exd5 18. e5 Qh6 19. Nd4 Nc6 20.
Nf5 Qe6 21. f4 Bf8 22. Ng3 Rc7 23. f5 Qe8 24. Qg4 Bc8 25. Nh5 Kh8 26. Qh4
d4 27. Bc1 Rd5 28. Nxg7 Bxg7 29. f6 Qg8 30. fxg7+ Qxg7 31. Bg5 Nxe5 32. Bf6
Nf3+ 33. Kh1 Nxh4 34. Re8# 1-0

[Event "26th Abu Dhabi Masters"]
[Site "Abu Dhabi UAE"]
[Date "2019.08.10"]
[Round "9.71"]
[White "Thrish, Karthik"]
[Black "Sharma, Isha"]
[Result "0-1"]
[WhiteElo "2075"]
[BlackElo "2078"]
[EventDate "2019.08.02"]

1. c4 e5 2. Nc3 Bb4 3. Nd5 Be7 4. g3 Nf6 5. Nxf6+ Bxf6 6. Bg2 O-O 7. d3 c6
8. e4 d6 9. Ne2 a5 10. O-O Na6 11. Be3 Be6 12. Nc3 Bg5 13. f4 Bh6 14. Qe2
exf4 15. Bxf4 Bxf4 16. Rxf4 Qb6+ 17. Kh1 f6 18. Raf1 Nc7 19. Rh4 Bf7 20. e5
dxe5 21. Be4 Bg6 22. Bxg6 hxg6 23. Qe4 Qxb2 24. Na4 Qb4 25. Qxg6 Qxa4 26.
Rh7 Rf7 27. Rf5 Qd1+ 28. Kg2 Qe2+ 29. Kh3 Ne6 30. Rfh5 Kf8 31. Rh8+ Ke7 32.
Rxa8 Qf3 33. Rf5 Qxd3 34. Kh4 Qxc4+ 35. g4 Qxa2 36. h3 Nf8 37. Rxe5+ fxe5
38. Qg5+ Rf6 39. Qxe5+ Ne6 40. Qf5 0-1

[Event "26th Abu Dhabi Masters"]
[Site "Abu Dhabi UAE"]
[Date "2019.08.10"]
[Round "9.72"]
[White "Wang, Shanshan"]
[Black "Davainis, Marius"]
[Result "0-1"]
[WhiteElo "2122"]
[BlackElo "2105"]
[EventDate "2019.08.02"]

1. e4 d5 2. exd5 Nf6 3. d4 Nxd5 4. c4 Nb6 5. Nc3 e5 6. dxe5 Qxd1+ 7. Kxd1
Nc6 8. Bf4 Be6 9. Kc1 Nxc4 10. Nf3 O-O-O 11. Bxc4 Bxc4 12. Nd2 Bd3 13. a3
h6 14. h4 Bc5 15. Bg3 Rhe8 16. Re1 Nd4 17. Ra2 Nf5 18. Nb3 Be7 19. Nd2 Nxh4
20. Bxh4 Bxh4 21. g3 Be7 22. b4 f6 23. Nf3 fxe5 24. Nxe5 Bf6 25. f4 Bf5 26.
Rd2 Rxd2 27. Kxd2 Bxe5 28. Rxe5 Rxe5 29. fxe5 Kd7 30. Ke3 Ke6 31. Kd4 c6
32. b5 c5+ 33. Kxc5 Kxe5 34. b6 a6 35. Nd5 g5 36. Ne7 Be4 37. g4 Kf4 38.
Kd4 Bf3 39. Ng8 h5 40. gxh5 Bxh5 41. Ne7 Bf7 42. Nc6 g4 43. Ne5 g3 44. Nd3+
Kf3 45. Ne1+ Kf2 46. Nd3+ Kf1 0-1